|
|
|
|
| LEADER |
00000nam a2200000 a 4500 |
| 001 |
vtls009937039 |
| 003 |
SK-MaSNL |
| 005 |
20260301130734.0 |
| 008 |
240318s2007 xo o d 000 0 hun |
| 015 |
|
|
|a SNBA2010/01-00177
|
| 020 |
|
|
|a 9788088837985
|q (viaz.)
|z 8088837987
|
| 035 |
|
|
|a A297B41C-B752-4C0B-8ED4-FBC8501071E7
|
| 035 |
|
|
|a urn:nbn:sk:snk-amjwda
|
| 035 |
|
|
|a urn:nbn:sk:snk-am0086kn
|
| 040 |
|
|
|a SNK
|b slo
|c SNK
|e AACR2
|
| 041 |
0 |
|
|a hun
|
| 044 |
|
|
|a xo
|c SK
|
| 072 |
|
7 |
|a 59
|x Zoológia
|2 konspekt
|
| 072 |
|
7 |
|a 00
|x Veda. Všeobecnosti. Základy vedy a kultúry. Vedecká práca
|2 konspekt
|
| 080 |
|
|
|a 398.4
|2 2001
|
| 080 |
|
|
|a 2-167
|2 2001
|
| 080 |
|
|
|a 001.94:592/599
|2 2001
|
| 080 |
|
|
|a 591.94
|2 2001
|
| 080 |
|
|
|a 001.94
|2 2001
|
| 080 |
|
|
|a (048.8)
|2 2001
|
| 100 |
1 |
|
|a Szemadám, György
|4 aut
|9 478946
|
| 245 |
1 |
0 |
|a Hihetetlen lények könyve
|c Szemadám György
|
| 250 |
|
|
|a [1. kiad.]
|
| 260 |
|
|
|a Somorja
|b Méry ratio
|c 2007
|
| 300 |
|
|
|a 219 s.
|b fotogr.
|c 31 cm
|
| 366 |
|
|
|e 1000 pld.
|
| 504 |
|
|
|a Bibliogr. s. 216-218
|
| 650 |
0 |
7 |
|a bájne stvorenia
|2 SNKPH
|9 49841
|
| 650 |
0 |
7 |
|a nadprirodzené bytosti
|2 SNKPH
|9 28349
|
| 650 |
0 |
7 |
|a záhadné živočíchy
|2 SNKPH
|9 222630
|
| 650 |
0 |
7 |
|a kryptozoológia
|2 SNKPH
|9 87483
|
| 650 |
0 |
7 |
|a nevysvetliteľné javy
|2 SNKPH
|9 4263
|
| 655 |
|
7 |
|a monografie
|2 SNKPH
|9 70139
|
| 752 |
|
|
|a Slovensko
|d Šamorín
|
| 919 |
|
|
|a 978-80-88837-98-5
|
| 958 |
|
|
|a OND
|
| 958 |
|
|
|a NB
|
| 958 |
|
|
|a HU
|
| 958 |
|
|
|a NM
|
| 968 |
|
|
|d 39
|
| 999 |
|
|
|c 745751
|d 747681
|
| 952 |
|
|
|a SNK
|b SNK
|y PREZ
|7 0
|p 17A0628073
|o snkSB 78121
|i snk2009/14203
|8 0
|0 0
|1 0
|4 0
|d 2009-08-06
|f 1
|l 0
|r 2025-04-28 00:00:00
|w 2026-02-23
|
| 952 |
|
|
|a SNK
|b SNK
|y VYP
|7 0
|p 17A0628237
|o snkSB 78121 D1
|i snk2009/14737
|8 0
|0 0
|1 0
|4 0
|d 2009-08-11
|l 0
|r 2016-06-30 00:00:00
|w 2026-02-23
|